[Event "VIE-ch U09"]
[Site "Ho Chi Minh City"]
[Date "2014.07.13"]
[Round "2"]
[White "Nguyen, Tan Tai"]
[Black "Le, Huy Hai"]
[Result "0-1"]
[WhiteElo "1462"]
[BlackElo "1515"]
[PlyCount "51"]
[EventDate "2014.07.13"]
[EventType "swiss"]
[EventRounds "9"]
[EventCountry "VIE"]
[SourceTitle "EXT 2016"]
[Source "ChessBase"]
[SourceDate "2015.10.08"]
[SourceVersion "1"]
[SourceVersionDate "2015.10.08"]
[SourceQuality "1"]

1. e4 c5 2. Nf3 d6 3. d4 cxd4 4. Nxd4 Nf6 5. Nc3 g6 6. g3 Bg7 7. Bg2 Nc6 8. Nxc6 bxc6 9. 0-0 Bd7 10. Qf3 0-0 11. Bg5 Rb8 12. Rad1 Bg4 13. Qf4 Bxd1 14. Rxd1 Rxb2 15. e5 dxe5 16. Qh4 Qa5 17. Ne2 Rxc2 18. Nc1 Qc5 19. Rf1 Qd4 20. Qh3 Qg4 21. Qxg4 Nxg4 22. Bh3 Nf6 23. Bxf6 Bxf6 24. Nb3 Rxa2 25. Ra1 Rxa1+ 26. Nxa1 0-1